000 00663cab a2200253 4500
001 A26
008 090401t1991 xxu||||| |||| 00| 0 eng d
035 _a(Sirsi) u31738
041 _aeng
100 _aJames, M.F.
245 _aSurveyor`s liability after Smith v Bush
260 _c1991
350 _a0
490 _aProfessional Negligence
_v7(3) September 1991 142-147(6)
650 _aDUTY OF CARE
650 _aLIABILITY
650 _aMEASURE OF DAMAGES
650 _aMORTGAGE VALUATIONS
650 _aNEGLIGENCE
650 _aSURVEYORS
690 _aMANAGEMENT-BUSINESS MANAGEMENT-PROFESSIONAL PRACTICE
942 _n0
948 _c04/03/1997
999 _c21305
_d21305